| 000 | 00334nam a22001097a 4500 | ||
|---|---|---|---|
| 082 |
_a340.6 _bMOD |
||
| 245 |
_aModi's Textbook on Medical Jurisprudence and Toxicology / _cEdited by N.J. Modi |
||
| 260 |
_aLahore : _bPakistan Civil and Criminal Law Publications, _cN.A. |
||
| 300 |
_a995 p. ; _c24 CM. |
||
| 563 | _aHB. | ||
| 942 |
_2ddc _cBK |
||
| 999 |
_c615987 _d615987 |
||